000 01674nam0a2200301 i 4500
001 RU\NLR\bibl\1963475
005 20240921153107.0
010 _a9785929307713
_950
021 _aRU
_b2012-78230
_95807
035 _a(NLR Aleph) 001952458
090 _a3713998
_c3713998
100 _a20121102d2012 u y0rusy50 ca
101 0 _arus
102 _aRU
105 _aa |||||||||
200 1 _aМоделирование природных процессов и экологических систем
_eучебное пособие для студентов направления 280100.62 - Природообустройство и водопользование
_fА.В. Шаликовский, К.А. Курганович
_gМ-во образования и науки Рос. Федерации, Федер. гос. бюджет. образоват. учреждение высш. проф. образования "Забайк. гос. ун-т" (ФГБОУ ВПО "ЗабГУ")
210 _aЧита
_cРНиУМЛ ЗабГУ
_d2012
215 _a103 с.
_cил.
_d20
320 _aБиблиогр.: с. 102-103 (21 назв.)
606 1 _aЭкологические системы
_jУчебные издания для высших учебных заведений
_xМоделирование
_91992755
_3RU\NLR\auth\661200546
686 _aЕ081.81в605я73
700 1 _aШаликовский
_bА. В.
_gАндрей Валерьевич
_4070
701 1 _aКурганович
_bК. А.
_gКонстантин Анатольевич
_4070
801 0 _aRU
_bNLR
_c20121102
_gRCR
801 1 _aRU
_bNLR
_c20121102
942 _cBOOK
980 _aNBR